Determinants of Corporate Reputation in Online Environment

Reputácia podniku v online prostedí a mechanizmy jej riadenia. Štruktúra online reputačného manažmentu. Charakteristika determinantov podnikovej online reputácie.

Salvato in:
Dettagli Bibliografici
Autore principale: Hojdik, Vladimír, 1992-
Altri autori: Kozáková, Mária, 1991-
Natura: Capitolo di libro
Lingua:slovacco
Soggetti:
Tags: Aggiungi Tag
Nessun Tag, puoi essere il primo ad aggiungerne!!

MARC

LEADER 00000naa$a2200000$$$4500
001 0260182
005 20240502074121.3
041 0 |a slo 
044 |a SK 
245 1 0 |a Determinants of Corporate Reputation in Online Environment  |c Vladimír Hojdik, Mária Kozáková 
520 |a Reputácia podniku v online prostedí a mechanizmy jej riadenia. Štruktúra online reputačného manažmentu. Charakteristika determinantov podnikovej online reputácie. 
610 2 0 |a reputácia podniku 
610 2 0 |a online reputačný manažment 
610 2 0 |a prostredie virtuálne 
610 2 0 |a technológie informačné 
610 2 0 |a technológie komunikačné 
610 2 0 |a technológie nové 
100 1 |a Hojdik, Vladimír, 1992- 
700 1 |a Kozáková, Mária, 1991-